[Event "75th UKR-ch"]
[Site "Poltava UKR"]
[Date "2006.11.24"]
[Round "1.1"]
[White "Airapetian, Yury"]
[WhiteElo "2403"]
[Black "Baklan, Volodymyr"]
[BlackElo "2622"]
[Result "1/2-1/2"]
[EventDate "2006.11.??"]
[PlyCount "43"]

1. d4 Nf6 2. c4 e6 3. Nf3 b6 4. Nc3 Bb4 5. Qc2 Bb7 6. a3 Bxc3+ 7. Qxc3 O-O 8. e3 d6 9. Be2 Nbd7 10. b4 Ne4 11. Qc2 f5 12. O-O Qf6 13. Bb2 Qh6 14. d5 Rae8 15. Nd4 exd5 16. cxd5 Bxd5 17. Bc4 Bxc4 18. Qxc4+ Kh8 19. Qxc7 Ne5 20. Rad1 f4 21. exf4 Qxf4 22. Ne2 1/2-1/2

[Event "75th UKR-ch"]
[Site "Poltava UKR"]
[Date "2006.11.25"]
[Round "1.2"]
[White "Baklan, Volodymyr"]
[WhiteElo "2622"]
[Black "Airapetian, Yury"]
[BlackElo "2403"]
[Result "1/2-1/2"]
[EventDate "2006.11.??"]
[PlyCount "87"]

1. e4 e5 2. Nf3 Nc6 3. Bb5 Nf6 4. O-O Nxe4 5. Re1 Nd6 6. Nxe5 Be7 7. Bf1 Nxe5 8. Rxe5 O-O 9. d4 Bf6 10. Re1 Nf5 11. c3 d5 12. Bf4 Nd6 13. Bd3 Be6 14. Nd2 Re8 15. Qc2 g6 16. Nf3 Rc8 17. h3 c6 18. Re2 Rc7 19. Rae1 Rce7 20. Qa4 Nc8 21. Re3 Bg7 22. h4 Bf5 23. Bxf5 Rxe3 24. Rxe3 gxf5 25. Rxe8+ Qxe8 26. Qc2 Qe4 27. Qc1 f6 28. h5 Bf8 29. b3 Qe8 30. c4 Nb6 31. Bc7 Na8 32. Qf4 dxc4 33. bxc4 Qd7 34. Ba5 Bd6 35. Qe3 b6 36. Bc3 Nc7 37. Nh4 f4 38. Qe4 Qg4 39. Nf3 Qd7 40. Bd2 Qe8 41. Qd3 Qxh5 42. a4 Qg6 43. Qb3 Qf7 44. Qd3 1/2-1/2

[Event "75th UKR-ch"]
[Site "Poltava UKR"]
[Date "2006.11.25"]
[Round "1.3"]
[White "Airapetian, Yury"]
[WhiteElo "2403"]
[Black "Baklan, Volodymyr"]
[BlackElo "2622"]
[Result "1/2-1/2"]
[EventDate "2006.11.??"]
[PlyCount "68"]

1. d4 Nf6 2. c4 e6 3. Nc3 b6 4. a3 Bb7 5. Nf3 g6 6. Bg5 h6 7. Bh4 Bg7 8. e3 O-O 9. Bd3 d6 10. e4 Nbd7 11. O-O a6 12. Rc1 Qe8 13. b4 Nh5 14. Re1 c5 15. d5 Ne5 16. Nxe5 Bxe5 17. Bg3 Nxg3 18. hxg3 Bc8 19. Ne2 Bd7 20. Qd2 Bg7 21. f4 exd5 22. cxd5 Bg4 23. Kf1 Qa4 24. Nc3 Qxa3 25. bxc5 bxc5 26. e5 dxe5 27. fxe5 h5 28. Ra1 Qb4 29. Ra4 Qb7 30. d6 Rae8 31. Bxa6 Qb8 32. Rae4 Bf5 33. R4e2 Bg4 34. Re4 Bf5 1/2-1/2

[Event "75th UKR-ch"]
[Site "Poltava UKR"]
[Date "2006.11.25"]
[Round "1.4"]
[White "Baklan, Volodymyr"]
[WhiteElo "2622"]
[Black "Airapetian, Yury"]
[BlackElo "2403"]
[Result "1/2-1/2"]
[EventDate "2006.11.??"]
[PlyCount "91"]

1. e4 e5 2. Nf3 Nc6 3. Bb5 a6 4. Ba4 Nf6 5. O-O Be7 6. Re1 b5 7. Bb3 O-O 8. a4 Bb7 9. d3 d6 10. Nc3 Na5 11. axb5 Nxb3 12. cxb3 axb5 13. Rxa8 Bxa8 14. Nxb5 Qd7 15. Nc3 Rb8 16. Bg5 h6 17. Bxf6 Bxf6 18. Qc2 Qe6 19. Ra1 Bc6 20. Ra6 Bb7 21. Ra4 c6 22. h3 Bd8 23. Nb1 Bb6 24. Nbd2 d5 25. Qc3 Bc7 26. b4 f5 27. exf5 Qe7 28. Ra7 Bb6 29. Ra1 Re8 30. Re1 Bc7 31. Nb3 Qd6 32. Qc5 Qd7 33. d4 Bd6 34. Qb6 e4 35. Ne5 Qc7 36. Qxc7 Bxc7 37. Na5 Bxa5 38. bxa5 c5 39. f6 Ra8 40. f7+ Kf8 41. Rc1 c4 42. b3 Ba6 43. bxc4 dxc4 44. Kf1 Rd8 45. Ke1 Rd5 46. Rb1 1/2-1/2

[Event "75th UKR-ch"]
[Site "Poltava UKR"]
[Date "2006.11.24"]
[Round "1.1"]
[White "Areschenko, Alexander"]
[WhiteElo "2640"]
[Black "Tverdohlebov, Viktor"]
[BlackElo "2348"]
[Result "1-0"]
[EventDate "2006.11.??"]
[PlyCount "59"]

1. e4 g6 2. d4 Bg7 3. Nc3 d6 4. Be3 Nf6 5. h3 O-O 6. f4 c6 7. Nf3 Nbd7 8. e5 Nd5 9. Nxd5 cxd5 10. Bd3 Qb6 11. Qc1 dxe5 12. fxe5 f6 13. exf6 Nxf6 14. O-O Bf5 15. Bxf5 gxf5 16. Ne5 Nh5 17. Nd7 Qg6 18. Nxf8 Rxf8 19. c3 e5 20. dxe5 Bxe5 21. Qd1 Rd8 22. Qf3 f4 23. Bf2 Nf6 24. Bh4 d4 25. Rad1 Rd7 26. Rfe1 dxc3 27. Rxe5 Rxd1+ 28. Qxd1 c2 29. Qd8+ Kg7 30. Bxf6+ 1-0

[Event "75th UKR-ch"]
[Site "Poltava UKR"]
[Date "2006.11.25"]
[Round "1.2"]
[White "Tverdohlebov, Viktor"]
[WhiteElo "2348"]
[Black "Areschenko, Alexander"]
[BlackElo "2640"]
[Result "1/2-1/2"]
[EventDate "2006.11.??"]
[PlyCount "58"]

1. Nf3 Nf6 2. c4 g6 3. Nc3 d5 4. cxd5 Nxd5 5. e4 Nxc3 6. dxc3 Qxd1+ 7. Kxd1 f6 8. Kc2 e5 9. Be3 Be6 10. Nd2 Nd7 11. Bc4 Bxc4 12. Nxc4 Bc5 13. b4 Nb6 14. Bxc5 Nxc4 15. Rhd1 b6 16. Kb3 bxc5 17. Kxc4 cxb4 18. cxb4 Ke7 19. Rd5 c6 20. Rd3 a5 21. Rad1 Ra7 22. bxa5 Rb8 23. Rb3 Rba8 24. Ra3 Rxa5 25. Rxa5 Rxa5 26. Kb3 Rb5+ 27. Kc3 Rc5+ 28. Kb3 Rb5+ 29. Kc3 Rc5+ 1/2-1/2

[Event "75th UKR-ch"]
[Site "Poltava UKR"]
[Date "2006.11.24"]
[Round "1.1"]
[White "Boginin, Oleg"]
[WhiteElo "2352"]
[Black "Moiseenko, Olexandr"]
[BlackElo "2632"]
[Result "1/2-1/2"]
[EventDate "2006.11.??"]
[PlyCount "117"]

1. d4 Nf6 2. c4 e6 3. Nc3 Bb4 4. Nf3 c5 5. g3 Nc6 6. Bg2 Ne4 7. Bd2 Bxc3 8. bxc3 O-O 9. Be3 d5 10. dxc5 dxc4 11. Qa4 Nxc3 12. Qxc4 Nd5 13. Bg5 Ne5 14. Qc1 Nxf3+ 15. Bxf3 Qa5+ 16. Bd2 Qa6 17. O-O Bd7 18. e4 Ne7 19. Bf4 Bb5 20. Re1 Nc6 21. Qc3 Qa5 22. Qxa5 Nxa5 23. Bd6 Rfc8 24. Rab1 Bc6 25. Rb4 f6 26. Re3 b5 27. cxb6 axb6 28. Rc3 b5 29. Bf4 e5 30. Bg4 Rd8 31. Be3 Re8 32. Rc5 Kf7 33. Bh5+ g6 34. Be2 Rec8 35. Bxb5 Bxb5 36. Rcxb5 g5 37. a4 Kg6 38. Rc5 Rxc5 39. Bxc5 Nc6 40. Rb6 Rc8 41. Be3 g4 42. Rb1 Ra8 43. Ra1 Ra6 44. h3 h5 45. hxg4 hxg4 46. Bc5 f5 47. exf5+ Kxf5 48. Kf1 Ke4 49. Ke2 Nd4+ 50. Bxd4 exd4 51. Ra2 d3+ 52. Kd2 Rf6 53. Ke1 Kf3 54. a5 Re6+ 55. Kd1 Ra6 56. Kc1 Kg2 57. Kd1 Kg1 58. Kd2 Kxf2 59. Kxd3+ 1/2-1/2

[Event "75th UKR-ch"]
[Site "Poltava UKR"]
[Date "2006.11.25"]
[Round "1.2"]
[White "Moiseenko, Olexandr"]
[WhiteElo "2632"]
[Black "Boginin, Oleg"]
[BlackElo "2352"]
[Result "0-1"]
[EventDate "2006.11.??"]
[PlyCount "176"]

1. d4 Nf6 2. c4 e6 3. Nf3 b6 4. Nc3 Bb4 5. Bg5 Bb7 6. Nd2 Nc6 7. e3 Be7 8. Be2 O-O 9. O-O Qc8 10. Rc1 d6 11. a3 Nd7 12. Bf4 Re8 13. Bg3 Bf8 14. b4 Ne7 15. e4 e5 16. d5 Ng6 17. Nb3 Qd8 18. Qd2 Qf6 19. Nb5 Qd8 20. Rfd1 a6 21. Nc3 Be7 22. Rb1 Rb8 23. Bg4 Ngf8 24. Qe2 g6 25. Bxd7 Nxd7 26. Na4 Nf6 27. c5 Nh5 28. cxb6 cxb6 29. Nb2 Bg5 30. Nc4 Rc8 31. Rb2 Ra8 32. a4 Bc8 33. a5 b5 34. Nb6 Ra7 35. Rc2 Rc7 36. Rd3 Ree7 37. Rdc3 Rxc3 38. Rxc3 Rc7 39. Qc2 Rxc3 40. Qxc3 Bb7 41. Nd2 Bxd2 42. Qxd2 Nxg3 43. hxg3 Qc7 44. g4 f6 45. g5 f5 46. exf5 gxf5 47. f4 e4 48. Kh2 h6 49. gxh6 Qh7 50. Kg1 Qxh6 51. Qf2 Qf6 52. Qd2 Kf7 53. Qc2 Qd4+ 54. Kh2 Qh8+ 55. Kg3 Qg7+ 56. Kf2 Qd4+ 57. Ke2 Kg6 58. Qd2 Qg1 59. Qe1 Qxg2+ 60. Qf2 Qg4+ 61. Kd2 Qh3 62. Qg1+ Qg4 63. Qf2 Qh3 64. Qg1+ Kf7 65. Qg5 Bxd5 66. Nxd5 Qd3+ 67. Ke1 Qxd5 68. Qh5+ Ke7 69. Qg5+ Kd7 70. Qg7+ Kc6 71. Qa7 Qd3 72. Qxa6+ Kd5 73. Qb7+ Kc4 74. Qc6+ Kxb4 75. a6 Qe3+ 76. Kd1 Qd3+ 77. Ke1 Qb1+ 78. Kd2 Qa2+ 79. Qc2 Qd5+ 80. Ke1 Ka5 81. Qc8 e3 82. Qc3+ Kxa6 83. Qxe3 b4 84. Qe8 Qe4+ 85. Qxe4 fxe4 86. f5 b3 87. Kd1 b2 88. Kc2 e3 0-1

[Event "75th UKR-ch"]
[Site "Poltava UKR"]
[Date "2006.11.24"]
[Round "1.1"]
[White "Brodsky, Mikhail"]
[WhiteElo "2566"]
[Black "Tarlev, Konstantin"]
[BlackElo "2456"]
[Result "1/2-1/2"]
[EventDate "2006.11.??"]
[PlyCount "138"]

1. d4 Nf6 2. c4 e6 3. Nc3 Bb4 4. e3 d5 5. a3 Be7 6. Nf3 O-O 7. Bd3 dxc4 8. Bxc4 c5 9. O-O cxd4 10. exd4 Bd7 11. Ne5 Nc6 12. Be3 Qc7 13. Nb5 Qc8 14. Rc1 Rd8 15. Qe2 Be8 16. Rfd1 Nd5 17. Nf3 Qd7 18. Nc3 Rac8 19. Ne4 f6 20. h3 Bh5 21. Ng3 Bf7 22. Bd3 Qe8 23. Bb1 Bf8 24. Bd2 Nce7 25. Ne4 Rxc1 26. Rxc1 Rc8 27. Re1 Rc6 28. b4 Nc8 29. Bd3 Rc7 30. Nc5 Nd6 31. b5 b6 32. Na6 Rc8 33. Nb4 Nxb4 34. Bxb4 Qd7 35. Rd1 Nf5 36. Bxf8 Rxf8 37. Be4 Ne7 38. Rc1 Rc8 39. Rc4 Bg6 40. Bxg6 hxg6 41. h4 Kf7 42. Qc2 Rxc4 43. Qxc4 Qc8 44. Qxc8 Nxc8 45. Kf1 Ke7 46. Ke2 Kd6 47. Kd3 Kd5 48. a4 Nd6 49. Ne1 Nf5 50. Nf3 e5 51. dxe5 fxe5 52. Ng5 Nxh4 53. g3 Nf3 54. Nf7 e4+ 55. Ke3 Ne5 56. Ng5 Ng4+ 57. Ke2 Nf6 58. Nf7 Kc4 59. Nd6+ Kb4 60. Nc8 Kxa4 61. Nxa7 Nd5 62. Kd2 Kb4 63. g4 Nf6 64. g5 Nh7 65. Ke3 Nxg5 66. Kf4 Nf7 67. Kxe4 Kc5 68. Kf4 Nd6 69. Kg5 Ne4+ 1/2-1/2

[Event "75th UKR-ch"]
[Site "Poltava UKR"]
[Date "2006.11.25"]
[Round "1.2"]
[White "Tarlev, Konstantin"]
[WhiteElo "2456"]
[Black "Brodsky, Mikhail"]
[BlackElo "2566"]
[Result "0-1"]
[EventDate "2006.11.??"]
[PlyCount "87"]

1. e4 c5 2. Nf3 d6 3. d4 cxd4 4. Nxd4 Nf6 5. Nc3 a6 6. f4 e5 7. Nf3 Nbd7 8. a4 Be7 9. Bc4 Qa5 10. Qe2 b5 11. Bb3 Bb7 12. Bd2 b4 13. Na2 Nxe4 14. Bxb4 Qc7 15. fxe5 Nxe5 16. Nc3 Nf6 17. O-O-O O-O 18. Rhe1 Rfe8 19. Nxe5 dxe5 20. Bxe7 Rxe7 21. g4 e4 22. Rf1 Rf8 23. Rf5 Re5 24. Rdf1 Rxf5 25. Rxf5 Bc8 26. Rxf6 gxf6 27. Nxe4 Qe5 28. Kb1 Kg7 29. Qd3 Bxg4 30. Nd6 Be2 31. Nf5+ Kh8 32. Qh3 Qf4 33. Ng3 Bg4 34. Qf1 Qxf1+ 35. Nxf1 Re8 36. Bc4 Re1+ 37. Ka2 Bc8 38. Bd3 f5 39. b4 f4 40. b5 axb5 41. axb5 f3 42. Kb2 Kg7 43. Nd2 f2 44. b6 0-1

[Event "75th UKR-ch"]
[Site "Poltava UKR"]
[Date "2006.11.24"]
[Round "1.1"]
[White "Yefymenko, Zakhar"]
[WhiteElo "2612"]
[Black "Onyshchuk, Volodymyr"]
[BlackElo "2427"]
[Result "1-0"]
[EventDate "2006.11.??"]
[PlyCount "105"]

1. d4 Nf6 2. c4 g6 3. Nc3 Bg7 4. Nf3 O-O 5. Bg5 d6 6. e3 c6 7. Be2 a6 8. O-O Nbd7 9. Nd2 h6 10. Bh4 e5 11. d5 c5 12. Qc2 Qc7 13. Kh1 Nh7 14. e4 h5 15. f3 Bh6 16. a3 Kg7 17. b4 Bg5 18. Bf2 h4 19. Nb3 b6 20. Nc1 Nhf6 21. Bd3 Nh5 22. N1e2 Rh8 23. Kg1 Nf4 24. Rab1 Bb7 25. Nxf4 Bxf4 26. Rb2 Rab8 27. Rfb1 Bg5 28. Na4 Ba8 29. Qe2 Rhc8 30. Rc2 Qd8 31. Rb3 Qf8 32. Rcb2 Bd8 33. Rb1 Qe7 34. R3b2 Qe8 35. Nc3 Qe7 36. Qe1 Kg8 37. Qd1 cxb4 38. axb4 b5 39. Qb3 bxc4 40. Bxc4 a5 41. Ba6 Nc5 42. bxc5 Rxb3 43. Rxb3 a4 44. Nxa4 Rc7 45. Rb8 dxc5 46. Rxa8 c4 47. Nc3 Kg7 48. d6 Qxd6 49. Rd1 Qa3 50. Nb5 Qa4 51. Raxd8 c3 52. Nxc7 c2 53. Rc1 1-0

[Event "75th UKR-ch"]
[Site "Poltava UKR"]
[Date "2006.11.25"]
[Round "1.2"]
[White "Onyshchuk, Volodymyr"]
[WhiteElo "2427"]
[Black "Yefymenko, Zakhar"]
[BlackElo "2612"]
[Result "1-0"]
[EventDate "2006.11.??"]
[PlyCount "145"]

1. e4 e5 2. Nf3 Nc6 3. Bb5 a6 4. Ba4 Nf6 5. O-O Be7 6. Re1 b5 7. Bb3 d6 8. c3 O-O 9. h3 Na5 10. Bc2 c5 11. d4 Qc7 12. d5 Bd7 13. b3 Rfe8 14. Nbd2 g6 15. Nf1 Nh5 16. Ng3 Nxg3 17. fxg3 Nb7 18. Rf1 c4 19. b4 a5 20. a3 axb4 21. cxb4 Nd8 22. Be3 f6 23. Nd2 Nf7 24. Qf3 Ra6 25. Ra2 Rea8 26. Rfa1 Bd8 27. Nb1 Qb8 28. Qf2 Bb6 29. Bxb6 Qxb6 30. Qxb6 Rxb6 31. g4 Kf8 32. Nc3 Ra7 33. Kf2 Ke7 34. Ke3 Nh6 35. Rf1 Rba6 36. Rfa1 Rb6 37. Rb1 Rab7 38. a4 bxa4 39. b5 a3 40. Ba4 f5 41. Rxa3 fxg4 42. h4 g3 43. Kf3 Ng4 44. Kxg3 h5 45. Ra2 Nf6 46. Bc2 Ne8 47. Rab2 Nc7 48. Ba4 Rb8 49. Rb4 Na8 50. Rxc4 R6b7 51. Rcb4 Rc7 52. Nd1 Nb6 53. Bb3 Ra8 54. Nb2 Rc3+ 55. Kh2 Kd8 56. Na4 Nxa4 57. Bxa4 Ra3 58. Bd1 Kc8 59. b6 Kb7 60. Rc4 Rc8 61. Rxc8 Bxc8 62. Rc1 Rd3 63. Bf3 Bg4 64. Rc7+ Kxb6 65. Rc6+ Kb5 66. Bxg4 hxg4 67. Rxd6 Re3 68. Rxg6 Rxe4 69. h5 Rf4 70. h6 Rf5 71. Kg3 Rh5 72. Kxg4 Rh1 73. Kf5 1-0

[Event "75th UKR-ch"]
[Site "Poltava UKR"]
[Date "2006.11.25"]
[Round "1.3"]
[White "Onyshchuk, Volodymyr"]
[WhiteElo "2427"]
[Black "Yefymenko, Zakhar"]
[BlackElo "2612"]
[Result "0-1"]
[EventDate "2006.11.??"]
[PlyCount "102"]

1. e4 c5 2. Nf3 Nc6 3. d4 cxd4 4. Nxd4 g6 5. Nc3 Bg7 6. Nb3 Nf6 7. Be2 d6 8. O-O O-O 9. Kh1 a6 10. Bg5 b5 11. a3 Bb7 12. f4 h6 13. Bh4 Rc8 14. Bf3 Nd7 15. Qe2 Nb6 16. Nd1 Nc4 17. c3 a5 18. Nd2 Nxd2 19. Qxd2 b4 20. Bf2 bxc3 21. Nxc3 e5 22. g3 Nd4 23. Bxd4 exd4 24. Nb5 Qb6 25. a4 Ba6 26. Rfd1 Bxb5 27. axb5 Qxb5 28. Rxa5 Qb3 29. Ra3 Qb6 30. Be2 Rb8 31. Bc4 Qxb2 32. Qxb2 Rxb2 33. Ra7 g5 34. fxg5 hxg5 35. Rf1 Rc2 36. Bxf7+ Kh8 37. Ra3 Rc3 38. Ra5 Be5 39. Raa1 d3 40. Rad1 Kg7 41. Bh5 Rxf1+ 42. Rxf1 d2 43. Kg2 Re3 44. h4 Rxg3+ 45. Kf2 gxh4 46. Bd1 h3 47. Rh1 Kf6 48. Ke2 Bf4 49. Kf2 Ke5 50. Bf3 Kd4 51. Ke2 h2 0-1

[Event "75th UKR-ch"]
[Site "Poltava UKR"]
[Date "2006.11.25"]
[Round "1.4"]
[White "Yefymenko, Zakhar"]
[WhiteElo "2612"]
[Black "Onyshchuk, Volodymyr"]
[BlackElo "2427"]
[Result "1-0"]
[EventDate "2006.11.??"]
[PlyCount "73"]

1. e4 c5 2. Nf3 d6 3. d4 cxd4 4. Nxd4 Nf6 5. Nc3 a6 6. Be2 e5 7. Nb3 Be7 8. O-O O-O 9. Re1 Be6 10. Bf3 Nbd7 11. a4 Qc7 12. a5 Rfc8 13. Be3 b5 14. axb6 Nxb6 15. Na5 Rab8 16. Nd5 Nbxd5 17. exd5 Bd7 18. Nc6 Bxc6 19. dxc6 e4 20. Be2 Qxc6 21. Bxa6 Rc7 22. c4 d5 23. Bb5 Qe6 24. Bf4 Bd6 25. cxd5 Qe7 26. Bxd6 Qxd6 27. Bc6 g6 28. b3 Rd8 29. h3 Qe5 30. Qe2 Re7 31. Ra4 Kg7 32. Rc4 h5 33. b4 g5 34. b5 g4 35. Qe3 h4 36. b6 Kh7 37. b7 1-0

[Event "75th UKR-ch"]
[Site "Poltava UKR"]
[Date "2006.11.24"]
[Round "1.1"]
[White "Hrytsak, Orest"]
[WhiteElo "2542"]
[Black "Zinchenko, Yaroslav"]
[BlackElo "2503"]
[Result "1/2-1/2"]
[EventDate "2006.11.??"]
[PlyCount "47"]

1. Nf3 d5 2. d4 c6 3. Bf4 Bf5 4. e3 e6 5. Nbd2 Nf6 6. c4 Nbd7 7. h3 Qb6 8. Qc1 c5 9. a3 Be7 10. b4 cxb4 11. c5 Qd8 12. axb4 O-O 13. Be2 a6 14. O-O Ne4 15. Nb3 g5 16. Bh2 g4 17. hxg4 Bxg4 18. Ra2 Kh8 19. Na5 Qc8 20. Ne5 Bxe2 21. Rxe2 Nxe5 22. Bxe5+ Bf6 23. Bf4 Rg8 24. f3 1/2-1/2

[Event "75th UKR-ch"]
[Site "Poltava UKR"]
[Date "2006.11.25"]
[Round "1.2"]
[White "Zinchenko, Yaroslav"]
[WhiteElo "2503"]
[Black "Hrytsak, Orest"]
[BlackElo "2542"]
[Result "1-0"]
[EventDate "2006.11.??"]
[PlyCount "81"]

1. e4 c5 2. Nf3 e6 3. d4 cxd4 4. Nxd4 a6 5. Nc3 d6 6. Be2 Bd7 7. O-O Nc6 8. Nb3 b5 9. f4 b4 10. Nb1 Nf6 11. Bf3 Be7 12. Kh1 O-O 13. Qe2 a5 14. Be3 a4 15. Nd4 Nxd4 16. Bxd4 e5 17. Be3 Qa5 18. Rd1 Rfc8 19. c4 bxc3 20. Nxc3 a3 21. fxe5 dxe5 22. Nd5 Nxd5 23. Rxd5 axb2 24. Qxb2 Qa4 25. Qb7 Bc6 26. Qxe7 Bxd5 27. exd5 Qa3 28. Qxa3 Rxa3 29. Bb6 Ra6 30. Bg1 Rc2 31. a4 f5 32. a5 e4 33. Bd1 Rb2 34. Bd4 Rd2 35. Bb6 f4 36. Bb3 Rb2 37. d6+ Rxb3 38. d7 Ra8 39. d8=Q+ Rxd8 40. Bxd8 e3 41. Kg1 1-0

[Event "75th UKR-ch"]
[Site "Poltava UKR"]
[Date "2006.11.24"]
[Round "1.1"]
[White "Kononenko, Dmitry"]
[WhiteElo "2501"]
[Black "Korobov, Anton"]
[BlackElo "2543"]
[Result "1/2-1/2"]
[EventDate "2006.11.??"]
[PlyCount "72"]

1. e4 e6 2. d4 d5 3. e5 c5 4. c3 Nc6 5. Nf3 Bd7 6. Be2 Nge7 7. O-O Nf5 8. Bd3 cxd4 9. Bxf5 exf5 10. Nxd4 Be7 11. Re1 O-O 12. Qd3 Qb6 13. Nb3 Be6 14. N1d2 d4 15. Nxd4 Nxd4 16. cxd4 Rfd8 17. Nf3 a5 18. a3 Rac8 19. Bd2 Rd5 20. Bc3 Qa7 21. h3 b6 22. Nd2 b5 23. Nf1 f4 24. Red1 Qb6 25. b4 axb4 26. Bxb4 Bxb4 27. axb4 Rcd8 28. Nh2 R5d7 29. Qe4 Bb3 30. Rd2 Qc7 31. Nf3 Qc3 32. Rb1 Bd5 33. Qxf4 Bxf3 34. gxf3 Rxd4 35. Rxd4 Qxd4 36. Qf5 g6 1/2-1/2

[Event "75th UKR-ch"]
[Site "Poltava UKR"]
[Date "2006.11.25"]
[Round "1.2"]
[White "Korobov, Anton"]
[WhiteElo "2543"]
[Black "Kononenko, Dmitry"]
[BlackElo "2501"]
[Result "1-0"]
[EventDate "2006.11.??"]
[PlyCount "100"]

1. d4 Nf6 2. c4 c5 3. d5 e6 4. Nc3 exd5 5. cxd5 d6 6. Nf3 g6 7. Nd2 Bg7 8. e4 O-O 9. Be2 Re8 10. O-O Nbd7 11. a4 Ne5 12. Ra3 g5 13. Re1 Ng6 14. g3 h6 15. Qc2 Ng4 16. Nc4 N6e5 17. Nxe5 Nxe5 18. Nd1 Qf6 19. Bd2 g4 20. Ne3 h5 21. b4 b6 22. b5 a6 23. Bc3 Qg6 24. bxa6 Bxa6 25. Bxe5 Bxe5 26. Nf5 Qf6 27. h3 Bxe2 28. Qxe2 Bc3 29. Rxc3 Qxc3 30. Nxd6 Red8 31. e5 Qf3 32. hxg4 Qxe2 33. Rxe2 Rxa4 34. gxh5 Rd4 35. Nf5 Rd1+ 36. Kg2 Kh7 37. d6 Rd5 38. Ne7 Rd3 39. Rb2 Rb8 40. Nc6 Rb7 41. Nd8 Rd7 42. Nxf7 Rxf7 43. e6 Rxd6 44. exf7 Kg7 45. Kf3 Kxf7 46. Ke4 Kf6 47. f4 c4 48. g4 Rc6 49. g5+ Kg7 50. Kd4 Rc7 1-0

[Event "75th UKR-ch"]
[Site "Poltava UKR"]
[Date "2006.11.24"]
[Round "1.1"]
[White "Kravtsiv, Martyn"]
[WhiteElo "2446"]
[Black "Kryvoruchko, Yuriy"]
[BlackElo "2581"]
[Result "1-0"]
[EventDate "2006.11.??"]
[PlyCount "133"]

1. e4 c5 2. Nf3 Nc6 3. d4 cxd4 4. Nxd4 Nf6 5. Nc3 e5 6. Ndb5 d6 7. Bg5 a6 8. Na3 b5 9. Nd5 Be7 10. Bxf6 Bxf6 11. c3 Bg5 12. Nc2 Ne7 13. a4 bxa4 14. Ncb4 O-O 15. Qxa4 a5 16. Nxe7+ Qxe7 17. Nd5 Qd8 18. Bb5 Be6 19. c4 Bxd5 20. exd5 e4 21. O-O e3 22. fxe3 Bxe3+ 23. Kh1 f5 24. Bd7 f4 25. Be6+ Kh8 26. Qd7 Qb6 27. Qc6 Qb4 28. Bd7 Rad8 29. Qb5 Qd2 30. Bg4 Ra8 31. b3 Qc3 32. Rab1 Rab8 33. Qa4 Qd3 34. Rfd1 Qc2 35. Bf3 Qc3 36. Qc6 Bc5 37. Qa4 Bb4 38. Qa1 Qe3 39. Qb2 Rfe8 40. Qc2 Re5 41. h3 Qa7 42. Ra1 Rbe8 43. c5 Qxc5 44. Qxc5 Bxc5 45. Kh2 Bb4 46. Rac1 g5 47. h4 gxh4 48. Rc4 Rf8 49. Kh3 Rg5 50. Rdc1 Bc5 51. Rxc5 dxc5 52. Rxc5 Rg3+ 53. Kxh4 Rf6 54. Kh5 Kg7 55. Rc7+ Rf7 56. d6 Rg6 57. Bd5 Rh6+ 58. Kg5 Rg6+ 59. Kh5 Rh6+ 60. Kg4 Rg6+ 61. Kf3 Rxd6 62. Bxf7 Rd2 63. Ra7 Kf6 64. Bc4 Ra2 65. Rxh7 a4 66. Ra7 a3 67. Kxf4 1-0

[Event "75th UKR-ch"]
[Site "Poltava UKR"]
[Date "2006.11.25"]
[Round "1.2"]
[White "Kryvoruchko, Yuriy"]
[WhiteElo "2581"]
[Black "Kravtsiv, Martyn"]
[BlackElo "2446"]
[Result "1-0"]
[EventDate "2006.11.??"]
[PlyCount "69"]

1. e4 e5 2. Nf3 Nf6 3. Nxe5 d6 4. Nf3 Nxe4 5. d4 d5 6. Bd3 Nc6 7. O-O Be7 8. c4 Nb4 9. Be2 O-O 10. Nc3 Bf5 11. a3 Nxc3 12. bxc3 Nc6 13. Re1 Re8 14. cxd5 Qxd5 15. Bf4 Rac8 16. h3 Be4 17. Be3 Bf6 18. Nd2 Bf5 19. Bf3 Qd7 20. Nf1 Rcd8 21. Ng3 Bg6 22. Nh5 Be7 23. Nf4 Bf5 24. g4 Bg6 25. Nxg6 hxg6 26. Kg2 b6 27. h4 Bxh4 28. Qc1 Na5 29. Rh1 Qe7 30. Rxh4 Qxh4 31. Bg5 Qh7 32. Bxd8 Rxd8 33. Qg5 f6 34. Qe3 Kf8 35. Re1 1-0

[Event "75th UKR-ch"]
[Site "Poltava UKR"]
[Date "2006.11.25"]
[Round "1.3"]
[White "Kryvoruchko, Yuriy"]
[WhiteElo "2581"]
[Black "Kravtsiv, Martyn"]
[BlackElo "2446"]
[Result "1/2-1/2"]
[EventDate "2006.11.??"]
[PlyCount "31"]

1. e4 e5 2. Nf3 Nc6 3. Bb5 a6 4. Ba4 Nf6 5. O-O b5 6. Bb3 Be7 7. a4 Bb7 8. c3 d6 9. d4 O-O 10. Nbd2 b4 11. Re1 bxc3 12. bxc3 exd4 13. Nxd4 Na5 14. Bd5 Bxd5 15. exd5 Qd7 16. Qc2 1/2-1/2

[Event "75th UKR-ch"]
[Site "Poltava UKR"]
[Date "2006.11.25"]
[Round "1.4"]
[White "Kravtsiv, Martyn"]
[WhiteElo "2446"]
[Black "Kryvoruchko, Yuriy"]
[BlackElo "2581"]
[Result "1-0"]
[EventDate "2006.11.??"]
[PlyCount "65"]

1. e4 c5 2. Nf3 Nc6 3. Bb5 e6 4. O-O Nge7 5. b3 a6 6. Bxc6 Nxc6 7. Bb2 d5 8. exd5 Qxd5 9. Nc3 Qd8 10. Ne2 f6 11. d4 cxd4 12. Nexd4 Nxd4 13. Nxd4 e5 14. Qh5+ g6 15. Qe2 Be7 16. Rfe1 O-O 17. Qc4+ Kg7 18. Rad1 Qb6 19. Nf3 Bf5 20. Nxe5 fxe5 21. Rxe5 Bf6 22. Re7+ Kh8 23. Qh4 g5 24. Qh6 Qxf2+ 25. Kxf2 Bxb2 26. Kg3 Rfd8 27. Rxd8+ Rxd8 28. Qb6 Rc8 29. c4 Bc3 30. Qe3 Bf6 31. Rf7 Rd8 32. Rxf6 Rd3 33. Qxd3 1-0

[Event "75th UKR-ch"]
[Site "Poltava UKR"]
[Date "2006.11.24"]
[Round "1.1"]
[White "Kuzubov, Yuriy"]
[WhiteElo "2559"]
[Black "Tukhaev, Adam"]
[BlackElo "2464"]
[Result "1/2-1/2"]
[EventDate "2006.11.??"]
[PlyCount "80"]

1. d4 Nf6 2. Nf3 g6 3. Nc3 d5 4. Bg5 Bg7 5. Bxf6 exf6 6. e3 O-O 7. Bd3 Nc6 8. O-O Ne7 9. Ne2 c6 10. c4 dxc4 11. Bxc4 Nf5 12. e4 Nd6 13. Bd3 Re8 14. Nd2 Qb6 15. Qc2 Be6 16. Kh1 Nb5 17. Bxb5 Qxb5 18. Nf4 Rad8 19. Nxe6 fxe6 20. Nf3 f5 21. a4 Qb4 22. e5 Rd5 23. Qc3 Qe7 24. b4 Red8 25. Rg1 a5 26. Rab1 axb4 27. Rxb4 R8d7 28. Qb3 h6 29. h3 Qf7 30. Rb1 g5 31. Rxb7 Rxb7 32. Qxb7 Qxb7 33. Rxb7 g4 34. hxg4 fxg4 35. Nh4 Rxd4 36. Ng6 Rxa4 37. Rc7 Re4 38. g3 Bxe5 39. Nxe5 Rxe5 40. Rxc6 Kf7 1/2-1/2

[Event "75th UKR-ch"]
[Site "Poltava UKR"]
[Date "2006.11.25"]
[Round "1.2"]
[White "Tukhaev, Adam"]
[WhiteElo "2464"]
[Black "Kuzubov, Yuriy"]
[BlackElo "2559"]
[Result "1/2-1/2"]
[EventDate "2006.11.??"]
[PlyCount "50"]

1. e4 c5 2. Nf3 Nc6 3. Bb5 e6 4. O-O Nge7 5. b3 Nd4 6. Nxd4 cxd4 7. Bb2 a6 8. Bd3 Nc6 9. c3 Bc5 10. Qh5 d6 11. cxd4 Bxd4 12. Bxd4 Nxd4 13. Nc3 O-O 14. Rae1 g6 15. Qh6 Qf6 16. Qe3 Nc6 17. f4 Qd4 18. Ne2 Qxe3+ 19. dxe3 Rd8 20. Rc1 Bd7 21. Rfd1 Kf8 22. Kf2 Ke7 23. a3 Rac8 24. Nd4 Na7 25. Ke1 Rxc1 1/2-1/2

[Event "75th UKR-ch"]
[Site "Poltava UKR"]
[Date "2006.11.25"]
[Round "1.3"]
[White "Kuzubov, Yuriy"]
[WhiteElo "2559"]
[Black "Tukhaev, Adam"]
[BlackElo "2464"]
[Result "1-0"]
[EventDate "2006.11.??"]
[PlyCount "181"]

1. d4 Nf6 2. Nf3 g6 3. c4 Bg7 4. Nc3 d5 5. cxd5 Nxd5 6. e4 Nxc3 7. bxc3 c5 8. Rb1 O-O 9. Be2 Nc6 10. d5 Ne5 11. Nxe5 Bxe5 12. Qd2 e6 13. f4 Bc7 14. O-O exd5 15. exd5 Ba5 16. d6 Bf5 17. Rxb7 Qf6 18. Rd1 Bxc3 19. Bb2 Bxb2 20. Qxb2 Qxb2 21. Rxb2 Rab8 22. Rb5 Rxb5 23. Bxb5 Rb8 24. a4 Kf8 25. Kf2 a6 26. Bxa6 Bc2 27. Ra1 Rd8 28. a5 Be4 29. Rd1 f5 30. Bb5 Kf7 31. h3 Ke6 32. d7 Ke7 33. g4 Rb8 34. gxf5 gxf5 35. d8=Q+ Rxd8 36. Rxd8 Kxd8 37. Ke3 Bd5 38. Kd3 Kc7 39. Kc3 h6 40. Bc4 Bg2 41. h4 Kc6 42. Bd3 Bd5 43. Kd2 Be6 44. Ke3 Kc7 45. Bb5 Kb7 46. Kd3 Bd5 47. Bc4 Be4+ 48. Ke3 Kc6 49. Be2 Bb1 50. Kd2 Be4 51. Kc3 Bd5 52. Bd3 Be6 53. Bc4 Bc8 54. Kb3 Bd7 55. Kc2 Bc8 56. Kd3 Bd7 57. Kc3 Bc8 58. Be2 Be6 59. Bf1 Bd5 60. Bc4 Be4 61. Kb3 Bf3 62. Bd3 Bd5+ 63. Ka4 Be6 64. Bb5+ Kb7 65. Be2 Bd7+ 66. Kb3 Kc6 67. Ka4 Kb7+ 68. Bb5 Be6 69. Be8 Ka6 70. Bc6 Bc4 71. Bd7 Bd3 72. Bc8+ Ka7 73. Kb3 Kb8 74. Kc3 Be4 75. Be6 Kc7 76. Kc4 Kc6 77. a6 Kb6 78. a7 Kxa7 79. Kxc5 Kb8 80. Kd6 Kb7 81. Ke5 Kc7 82. Bxf5 Bf3 83. Kf6 Kd6 84. Be6 h5 85. Bf7 Bd1 86. Bg6 Be2 87. Kg7 Bg4 88. f5 Ke5 89. f6 Be6 90. Bxh5 Kf4 91. Bf7 1-0